Principios básicos de auditoría (Registro nro. 2089)
[ vista simple ]
| 000 -LEADER | |
|---|---|
| fixed length control field | 01420 a2200217 4500 |
| 001 - CONTROL NUMBER | |
| control field | 30297 |
| 005 - DATE AND TIME OF LATEST TRANSACTION | |
| control field | 20260407155615.0 |
| 008 - FIXED-LENGTH DATA ELEMENTS--GENERAL INFORMATION | |
| fixed length control field | 260407a1966 arg spa d |
| 003 - CONTROL NUMBER IDENTIFIER | |
| control field | AR-UNSa-BCEJYS |
| 040 ## - CATALOGING SOURCE | |
| Original cataloging agency | AR-UNSa-BCEJYS |
| Language of cataloging | spa |
| Transcribing agency | AR-UNSa-BCEJYS |
| 080 ## - UNIVERSAL DECIMAL CLASSIFICATION NUMBER | |
| Universal Decimal Classification number | 657.6 |
| Common auxiliary subdivision | Auditoria (control interno) |
| 100 1# - MAIN ENTRY--PERSONAL NAME | |
| Personal name | Holmes, Arthur W. |
| 245 10 - TITLE STATEMENT | |
| Title | Principios básicos de auditoría |
| 264 #1 - PRODUCTION, PUBLICATION, DISTRIBUTION, MANUFACTURE, AND COPYRIGHT NOTICE | |
| Place of production, publication, distribution, manufacture | México : |
| Name of producer, publisher, distributor, manufacturer | CECSA (Compañia Editorial Continental) |
| Date of production, publication, distribution, manufacture, or copyright notice | 1966 |
| 300 ## - PHYSICAL DESCRIPTION | |
| Extent | 460 p. |
| Dimensions | 23 cm. |
| 505 ## - FORMATTED CONTENTS NOTE | |
| Formatted contents note | 1. Auditoria y sus informes - 2. Control interno: Un programa de auditoria, iniciacion de una auditoria - 3. Papeles de trabajo de una auditoria - 4. Examen de los registros y evidencias originales - 5. Caja - 6. Cuentas y documentos por cobrar, ingresos relacionados y pérdidas por tiempo - 7. Inversiones e ingresos relacionados - 8. Inventarios y costos de ventas - 9. Pagos anticipados y gastos relacionados - 10. Activo fijo y gastos relacionados - 11. Activos intagibles - 12. Pasivo circulante - 13. Pasivos a largo plazo - 14. Capital contable - 15. Consideraciones adicionales sobre los ingresos y gastos - 16. Conclusión de una auditoria, eventos subsecuentes a los estados financieros - 17. Responsabilidades legales de los contadores profesionales, requisitos de la S.E.C. |
| 590 ## - LOCAL NOTE (RLIN) | |
| Local note | niveau_biblio:m niveau_hierar:0 |
| 700 1# - ADDED ENTRY--PERSONAL NAME | |
| Personal name | Vasseur Walls, Alfonso |
| 700 1# - ADDED ENTRY--PERSONAL NAME | |
| Personal name | Blanes Prieto, Joaquín |
| 942 ## - ADDED ENTRY ELEMENTS (KOHA) | |
| Koha item type | |
| Withdrawn status | Lost status | Damaged status | Not for loan | Home library | Current library | Shelving location | Date acquired | Total checkouts | Full call number | Barcode | Date last seen | Price effective from | Koha item type |
|---|---|---|---|---|---|---|---|---|---|---|---|---|---|
| Biblioteca Prof. Eusebio Cleto del Rey | Biblioteca Prof. Eusebio Cleto del Rey | 07/04/2026 | 657.6 H748 | L24454 | 07/04/2026 | 07/04/2026 | Libro | ||||||
| Biblioteca Prof. Eusebio Cleto del Rey | Biblioteca Prof. Eusebio Cleto del Rey | 07/04/2026 | 657.6 H748 | L24455 | 07/04/2026 | 07/04/2026 | Libro | ||||||
| Biblioteca Prof. Eusebio Cleto del Rey | Biblioteca Prof. Eusebio Cleto del Rey | 07/04/2026 | 657.6 H748 | L53195 | 07/04/2026 | 07/04/2026 | Libro |